[Event "42nd Olympiad 2016"]
[Site "Baku AZE"]
[Date "2016.09.06"]
[Round "5.62"]
[Board "4"]
[White "Becham, Khalid"]
[Black "Min, Po-Yen"]
[Result "1-0"]
[WhiteElo "2134"]
[BlackElo "1842"]
[WhiteTeam "Morocco"]
[BlackTeam "Chinese Taipei"]
[WhiteFideId "9000275"]
[BlackFideId "16300203"]
[EventDate "2016.09.02"]

1. e4 e6 2. d4 d5 3. Nc3 Bb4 4. e5 Ne7 5. a3 Bxc3+ 6. bxc3 c5 7. Qg4 Qc7 8. Qxg7
Rg8 9. Qxh7 cxd4 10. Ne2 Nbc6 11. f4 dxc3 12. Qd3 Bd7 13. Ng3 Na5 14. Be2 a6 15.
a4 b5 16. Ba3 Qc4 17. Qe3 Qxa4 18. Bxe7 Qxa1+ 19. Kf2 Qxh1 20. Nxh1 Kxe7 21.
Qxc3 Nc4 22. Qb4+ Kd8 23. Bh5 a5 24. Qc5 Be8 25. f5 Nxe5 26. Qd6+ Nd7 27. fxe6
fxe6 28. Qxe6 Rf8+ 29. Bf3 Bf7 30. Qc6 Rb8 31. Qa6 a4 32. Ng3 Bg8 33. Ne2 Rb6
34. Qa5 Bh7 35. Nd4 Rf6 36. Nxb5 Bxc2 37. Nc3 Bb3 38. h4 d4 39. Ne4 Rh6 40. g4
Ke8 41. g5 Rxh4 42. Nf6+ Rxf6 43. gxf6 Rf4 44. Qh5+ Bf7 45. Qh8+ Nf8 46. Kg3
Rxf3+ 47. Kxf3 a3 48. Qh2 a2 49. Qc7 Bd5+ 50. Ke2 Ng6 51. Qa7 Be6 52. Kd2 d3 53.
Kc3 Bf7 54. Kxd3 Ne5+ 55. Ke4 Nc6 56. Qa3 Kd7 57. Qc3 Kd6 58. Kf5 Nd8 59. Qd4+
Kc7 60. Qe5+ Kc6 61. Ke4 Kb6 62. Qb2+ Kc7 63. Kf5 Kd6 64. Kg5 Kc6 65. Kh6 Kd6
66. Kg7 Kc6 67. Kf8 Kd7 68. Qd4+ Ke6 69. Qb2 Kd7 70. Qd4+ Ke6 71. Kg7 Kf5 72.
Qd3+ Ke5 73. Qc3+ Kf5 74. Kf8 Ke6 75. Qb2 Kd7 76. Qa3 Kc7 77. Ke7 Be6 78. Qa5+
Kb7 79. Kxd8 Bf7 80. Ke7 Bc4 81. f7 1-0

[Event "42nd Olympiad 2016"]
[Site "Baku AZE"]
[Date "2016.09.06"]
[Round "5.68"]
[Board "4"]
[White "Kahn, Tito"]
[Black "Al Khateeb, Taher"]
[Result "0-1"]
[BlackTitle "CM"]
[WhiteElo "1880"]
[BlackElo "2002"]
[WhiteTeam "Jersey"]
[BlackTeam "Kuwait"]
[WhiteFideId "15600084"]
[BlackFideId "10300058"]
[EventDate "2016.09.02"]

1. d4 d5 2. Nf3 Bf5 3. Bf4 e6 4. e3 Nf6 5. c4 Nc6 6. Nc3 Bb4 7. Rc1 Ne4 8. Bd3
dxc4 9. Bxc4 Nxc3 10. bxc3 Ba3 11. Rb1 Bxb1 12. Qxb1 Na5 13. Bd3 Bd6 14. Ne5 c6
15. Bxh7 Bxe5 16. Bxe5 Qg5 17. Be4 f5 18. Bf3 Qe7 19. Be2 b6 20. g4 Rf8 21. Rg1
g5 22. Bd3 O-O-O 23. Ba6+ Nb7 24. Qb3 Rd5 25. Qc4 Qd7 26. a4 Rxe5 27. dxe5 Rd8
28. Ke2 Kb8 29. gxf5 exf5 30. Qa2 Nc5 31. Bc4 Ne4 32. Qc2 Qe8 33. Rd1 Qh5+ 34.
Ke1 Rxd1+ 35. Qxd1 Qxd1+ 36. Kxd1 Nxf2+ 37. Ke2 Ng4 38. e6 Kc7 39. Bd3 Nh6 40.
Kf3 Kd6 41. Bc4 Ng8 42. e4 Ke5 43. exf5 Kxf5 44. Bd3+ Kf6 45. Kg4 Ne7 46. c4 Nc8
47. Be4 Ne7 48. Bf3 Ng6 49. Be4 Ne5+ 50. Kh5 g4 51. Kh4 Kxe6 52. Kg5 Kd6 53. Bf5
Nf3+ 54. Kxg4 Nxh2+ 55. Kg3 Nf1+ 56. Kf2 Nd2 57. Ke3 Nxc4+ 58. Kd4 Ne5 59. Be4
a5 60. Bf5 Nd7 61. Kc4 Nc5 62. Bc2 Kc7 63. Kd4 Kb7 64. Bd1 Ka7 65. Kc4 Ka6 66.
Bc2 Nxa4 0-1

[Event "42nd Olympiad 2016"]
[Site "Baku AZE"]
[Date "2016.09.06"]
[Round "5.78"]
[Board "4"]
[White "Su, Haifeng"]
[Black "Hale, Andrew"]
[Result "1/2-1/2"]
[BlackTitle "CM"]
[WhiteElo "1800"]
[BlackElo "1940"]
[WhiteTeam "Guyana"]
[BlackTeam "Guernsey"]
[WhiteFideId "19700202"]
[BlackFideId "10700021"]
[EventDate "2016.09.02"]

1. e4 g6 2. d4 Bg7 3. Nf3 d6 4. Be2 Nf6 5. Nc3 O-O 6. O-O a6 7. a4 b6 8. Re1 e6
9. Bg5 h6 10. Bh4 g5 11. Bg3 Bb7 12. Bf1 Nh5 13. e5 Nxg3 14. hxg3 dxe5 15. dxe5
Nd7 16. Ne4 g4 17. Nh4 Nxe5 18. Bd3 Qd4 19. Nf6+ Bxf6 20. Bh7+ Kxh7 21. Qxd4
Nf3+ 22. Nxf3 Bxd4 23. Nxd4 c5 24. Nb3 Rad8 25. Rad1 Kg7 26. c4 Kf6 27. a5 bxa5
28. Nxc5 Bc6 29. Nxa6 e5 30. b4 axb4 31. Nxb4 Ba8 32. Ra1 Rb8 33. Nd5+ Bxd5 34.
cxd5 Rb6 35. Rec1 Rd8 36. Rc6+ Rxc6 37. dxc6 Rc8 38. Rc1 Rc7 39. Kf1 Ke6 40. Ke2
Kd5 41. Ke3 f5 42. Rd1+ Kxc6 43. Rh1 1/2-1/2

[Event "42nd Olympiad 2016"]
[Site "Baku AZE"]
[Date "2016.09.08"]
[Round "6.1"]
[Board "1"]
[White "Harikrishna, Pentala"]
[Black "Giri, Anish"]
[Result "1/2-1/2"]
[WhiteTitle "GM"]
[BlackTitle "GM"]
[WhiteElo "2752"]
[BlackElo "2755"]
[WhiteTeam "India"]
[BlackTeam "Netherlands"]
[WhiteFideId "5007003"]
[BlackFideId "24116068"]
[EventDate "2016.09.02"]

1. e4 c5 2. Nf3 d6 3. d4 cxd4 4. Nxd4 Nf6 5. Nc3 a6 6. h3 e5 7. Nde2 h5 8. g3
Be6 9. Bg2 b5 10. Bg5 Nbd7 11. Nd5 Bxd5 12. exd5 Be7 13. a4 b4 14. O-O O-O 15.
Re1 Rb8 16. Nc1 Nc5 17. Be3 h4 18. g4 Nfd7 19. Qd2 f5 20. gxf5 Rxf5 21. Nd3 Bg5
22. f4 exf4 23. Nxf4 Qf6 24. Ne6 Bxe3+ 25. Qxe3 Qxb2 26. Qd4 Qxd4+ 27. Nxd4 Rf4
28. Nc6 Rbf8 29. Reb1 g5 30. a5 g4 31. hxg4 b3 32. cxb3 Rxg4 33. Kh1 Rg3 34. Rf1
h3 35. Rxf8+ Nxf8 36. Bf1 Rxb3 37. Kh2 Ng6 38. Bxh3 Nf4 39. Be6+ Kg7 40. Rg1+
Kf6 41. Rf1 Nd3 42. Bc8 Kg5 43. Nd4 Rb8 44. Bxa6 Rh8+ 45. Kg1 Nh3+ 46. Kg2 Nhf4+
47. Kg1 Nh3+ 48. Kg2 Nhf4+ 49. Kg1 1/2-1/2

[Event "42nd Olympiad 2016"]
[Site "Baku AZE"]
[Date "2016.09.08"]
[Round "6.3"]
[Board "2"]
[White "Mchedlishvili, Mikheil"]
[Black "Laznicka, Viktor"]
[Result "1/2-1/2"]
[WhiteTitle "GM"]
[BlackTitle "GM"]
[WhiteElo "2609"]
[BlackElo "2651"]
[WhiteTeam "Georgia"]
[BlackTeam "Czech Republic"]
[WhiteFideId "13600966"]
[BlackFideId "316385"]
[EventDate "2016.09.02"]

1. d4 Nf6 2. c4 e6 3. Nc3 Bb4 4. e3 c5 5. Ne2 cxd4 6. exd4 d5 7. a3 Bxc3+ 8.
Nxc3 dxc4 9. Bxc4 Nc6 10. Be3 O-O 11. O-O h6 12. Re1 Ne7 13. Qf3 Nfd5 14. Rad1
Bd7 15. Bxd5 Nxd5 16. Nxd5 exd5 17. Qxd5 Ba4 18. Qxd8 Rfxd8 19. Rc1 Bc6 20. Rc5
Rd5 21. Rxd5 Bxd5 22. Rc1 Bc6 23. h4 a6 24. f3 Rd8 25. Kf2 Rd5 26. g4 h5 27. Kg3
f6 28. b4 Kf7 29. Rc3 Ke6 30. Rc5 Rxc5 31. dxc5 g6 1/2-1/2

[Event "42nd Olympiad 2016"]
[Site "Baku AZE"]
[Date "2016.09.08"]
[Round "6.6"]
[Board "1"]
[White "Nisipeanu, Liviu-Dieter"]
[Black "Karjakin, Sergey"]
[Result "1/2-1/2"]
[WhiteTitle "GM"]
[BlackTitle "GM"]
[WhiteElo "2687"]
[BlackElo "2769"]
[WhiteTeam "Germany"]
[BlackTeam "Russia"]
[WhiteFideId "1202758"]
[BlackFideId "14109603"]
[EventDate "2016.09.02"]

1. d4 Nf6 2. c4 e6 3. Nc3 Bb4 4. e3 O-O 5. Ne2 d5 6. a3 Be7 7. cxd5 exd5 8. Nf4
c6 9. Bd3 Na6 10. O-O Nc7 11. Bd2 g6 12. f3 Re8 13. Kh1 b6 14. Be1 c5 15. Bh4
Bb7 16. Qd2 Nd7 17. Bxe7 Qxe7 18. Rfe1 Nf6 19. Qf2 Qd6 20. Qg3 Rad8 21. Rad1 a6
22. Bb1 Ne6 23. dxc5 bxc5 24. Nfxd5 Nxd5 25. Nxd5 Bxd5 26. Qxd6 Rxd6 27. e4 Red8
28. Rxd5 Rxd5 29. exd5 Rxd5 30. Ba2 Rd2 31. Bxe6 fxe6 32. h3 1/2-1/2

[Event "42nd Olympiad 2016"]
[Site "Baku AZE"]
[Date "2016.09.08"]
[Round "6.8"]
[Board "2"]
[White "Abasov, Nijat"]
[Black "Parligras, Mircea-Emilian"]
[Result "0-1"]
[WhiteTitle "GM"]
[BlackTitle "GM"]
[WhiteElo "2552"]
[BlackElo "2595"]
[WhiteTeam "Azerbaijan 2"]
[BlackTeam "Romania"]
[WhiteFideId "13402960"]
[BlackFideId "1204297"]
[EventDate "2016.09.02"]

1. d4 Nf6 2. c4 e6 3. g3 d5 4. Bg2 Bb4+ 5. Nd2 O-O 6. Nf3 b6 7. O-O Bb7 8. b3
Nbd7 9. Bb2 Re8 10. Ne5 Nxe5 11. dxe5 Ne4 12. Nxe4 dxe4 13. Qb1 Qd2 14. e3 Rad8
15. Bd4 c5 16. Rd1 Qe2 17. Bf1 Qf3 18. Bb2 Be1 19. Rxe1 Rd2 20. Be2 Rxe2 21.
Rxe2 Qxe2 22. Bc3 Rd8 23. Qf1 Qf3 24. Qg2 Qe2 25. Qf1 Qh5 26. Re1 Rd3 27. Ba1 h6
28. Bb2 Rd2 29. Bc3 Rd3 30. Bb2 Bc6 31. Qe2 Qf3 32. h3 h5 33. Kh2 a5 34. Qc2 a4
35. Rg1 axb3 36. axb3 b5 37. cxb5 Bxb5 38. Bc3 Rd5 39. Re1 Rd7 40. h4 Kh7 41.
Rg1 Be2 42. Be1 Rd1 43. Qc3 Rb1 44. Kh3 Bd3 45. Qxc5 Rxb3 46. Qe7 Rb1 47. Qg5
Qe2 48. g4 Rxe1 0-1

[Event "42nd Olympiad 2016"]
[Site "Baku AZE"]
[Date "2016.09.08"]
[Round "6.29"]
[Board "4"]
[White "Baron, Tal"]
[Black "Guzman, Christopher"]
[Result "1/2-1/2"]
[WhiteTitle "GM"]
[BlackTitle "CM"]
[WhiteElo "2553"]
[BlackElo "2259"]
[WhiteTeam "Israel"]
[BlackTeam "Dominican Republic"]
[WhiteFideId "2809958"]
[BlackFideId "6405096"]
[EventDate "2016.09.02"]

1. d4 Nf6 2. c4 e6 3. Nc3 Bb4 4. f3 d5 5. a3 Bxc3+ 6. bxc3 c5 7. cxd5 Nxd5 8.
dxc5 Qa5 9. e4 Nf6 10. Be3 O-O 11. Kf2 Nfd7 12. Rb1 Na6 13. Bxa6 Qxa6 14. Ne2 b6
15. Qd6 bxc5 16. Bxc5 Nxc5 17. Qxc5 Bd7 18. Rhd1 Rac8 19. Qb4 Rc7 20. Rd6 Qc8
21. Qd4 a6 22. Rd1 Rc4 23. Qb6 Bb5 24. R1d4 Qc5 25. a4 Qxb6 26. Rxb6 Rxa4 27.
Rxa4 Bxa4 28. Rxa6 Bd7 29. Rd6 Ba4 30. Ra6 Bd7 31. Ra7 Rd8 32. c4 Kf8 33. Ke3
Be8 34. e5 Rd1 35. Nc3 Rc1 36. Ne4 Rxc4 37. Nd6 Ra4 38. Rb7 Ra8 39. h4 h6 40. g4
Kg8 41. Re7 Kf8 42. Rc7 Kg8 43. Kd4 Rb8 44. Kc5 Kf8 45. f4 g6 46. Ra7 Kg7 47. f5
exf5 48. gxf5 gxf5 49. e6 Kg6 50. exf7 Bxf7 51. Rxf7 Rd8 52. Re7 Rf8 53. Re5 Kh5
54. Nxf5 Kg4 55. Ne7 Rf1 56. h5 Rf6 57. Nd5 Ra6 58. Kc4 Rc6+ 59. Kd4 Ra6 60.
Ne3+ Kh4 61. Ke4 Rf6 62. Kd4 Rf4+ 63. Kd5 Rf6 64. Ke4 Rf2 65. Ra5 Rf8 66. Rc5
Rf2 67. Rb5 Rf8 68. Re5 Rf2 69. Kd5 Rf6 70. Nc4 Kg4 71. Nd6 Kh4 72. Ne4 Ra6 73.
Nc5 Rf6 74. Nd7 Ra6 75. Ke4 Kg4 76. Nc5 Rf6 77. Nd3 Rf8 78. Ke3 Rf3+ 79. Ke4 Rf8
80. Re6 Kxh5 81. Nf4+ Kg4 82. Rg6+ Kh4 83. Ra6 Kg3 84. Ra3+ Kg4 85. Ng6 Rf1 86.
Ne5+ Kg5 87. Rg3+ Kf6 88. Ng4+ Ke6 89. Ne3 Ra1 90. Rg6+ Kf7 91. Rb6 h5 92. Ke5
Re1 93. Rb7+ Kg6 94. Kf4 h4 95. Rb6+ Kf7 96. Rh6 h3 97. Rxh3 Ra1 98. Ke5 Re1 99.
Kf5 Rg1 100. Rh7+ Rg7 101. Rh6 Ke7 102. Ng4 Kd7 103. Nf6+ Kc8 104. Nd5 Kd7 105.
Ra6 Rg1 106. Nf6+ Kc7 107. Ne4 Rh1 108. Ke6 Re1 109. Ra4 Kc6 110. Ke5 Rh1 111.
Ra6+ Kc7 112. Nc3 Rh5+ 113. Kd4 Kd7 114. Ne4 Rh1 115. Rg6 Rd1+ 116. Ke5 Re1 117.
Rg3 Rc1 118. Nc3 Rh1 119. Rg5 Re1+ 120. Kd5 Ke7 121. Rf5 Ra1 122. Nb5 Ra5 123.
Ke4 Ra1 124. Nd4 Re1+ 125. Kd5 Rd1 126. Rf4 Rd3 127. Rf1 Rd2 128. Ke5 Rh2 129.
Rd1 Kf7 130. Ra1 Rb2 131. Ra7+ Kg6 132. Ra6+ Kg5 133. Ne6+ Kg4 134. Nd4 Rf2 135.
Rg6+ Kh3 136. Ke4 Rf1 137. Nc2 Rf8 138. Ne3 Rf2 139. Nf5 Kh2 140. Rg5 Rg2 141.
Rh5+ Kg1 142. Nh4 Rg8 143. Kf3 Rg7 144. Nf5 Rg2 145. Nd4 Rf2+ 146. Ke3 Rf8 147.
Nf3+ Kg2 1/2-1/2

[Event "42nd Olympiad 2016"]
[Site "Baku AZE"]
[Date "2016.09.08"]
[Round "6.31"]
[Board "2"]
[White "Zhao, Zong-Yuan"]
[Black "Leitao, Rafael"]
[Result "1/2-1/2"]
[WhiteTitle "GM"]
[BlackTitle "GM"]
[WhiteElo "2550"]
[BlackElo "2616"]
[WhiteTeam "Australia"]
[BlackTeam "Brazil"]
[WhiteFideId "3202534"]
[BlackFideId "2101246"]
[EventDate "2016.09.02"]

1. d4 Nf6 2. c4 e6 3. Nc3 Bb4 4. Nf3 O-O 5. Bg5 h6 6. Bh4 c5 7. Rc1 cxd4 8. Nxd4
b6 9. Nb5 Nc6 10. e3 Bb7 11. Nd6 Bxd6 12. Qxd6 g5 13. Bg3 Ne7 14. f3 Nf5 15. Qd2
Nxg3 16. hxg3 Kg7 17. Kf2 d5 18. cxd5 Bxd5 19. e4 Bb7 20. Qxd8 Rfxd8 21. Ke3
Rac8 22. Be2 Ne8 23. Nb5 a6 24. Nd4 Nd6 25. Bd3 Rxc1 26. Rxc1 Rc8 27. Rxc8 Nxc8
28. b4 Kf8 29. Ne2 Ke7 30. Kd4 Na7 31. Kc3 Nc6 32. b5 axb5 1/2-1/2

[Event "42nd Olympiad 2016"]
[Site "Baku AZE"]
[Date "2016.09.08"]
[Round "6.36"]
[Board "3"]
[White "Garcia Guerrero, Isaac Antonio"]
[Black "Kreisl, Robert"]
[Result "1/2-1/2"]
[WhiteTitle "FM"]
[BlackTitle "IM"]
[WhiteElo "2308"]
[BlackElo "2448"]
[WhiteTeam "Mexico"]
[BlackTeam "Austria"]
[WhiteFideId "5110475"]
[BlackFideId "1613880"]
[EventDate "2016.09.02"]

1. d4 Nf6 2. Bg5 d5 3. Bxf6 exf6 4. e3 Bd6 5. g3 c6 6. Bg2 f5 7. Ne2 Nd7 8. Nd2
Nf6 9. c4 dxc4 10. Nxc4 Bb4+ 11. Nc3 Be6 12. Qd3 Bd5 13. O-O Bxg2 14. Kxg2 g6
15. Ne5 Bd6 16. Rfd1 O-O 17. Nc4 Re8 18. d5 cxd5 19. Nxd6 Qxd6 20. Nxd5 Rac8 21.
Qb3 Nxd5 22. Rxd5 Qc6 23. Rd1 Red8 24. Kg1 Rxd5 25. Rxd5 Qc1+ 26. Kg2 Qc6 27.
Kg1 Qc1+ 28. Kg2 Qc6 29. Kg1 Qc1+ 30. Kg2 Qc6 1/2-1/2

[Event "42nd Olympiad 2016"]
[Site "Baku AZE"]
[Date "2016.09.08"]
[Round "6.43"]
[Board "1"]
[White "Mohammed, Zozek Salah Mohammed"]
[Black "Cu Hor, Winston Darwin"]
[Result "1/2-1/2"]
[WhiteTitle "FM"]
[BlackTitle "FM"]
[WhiteElo "2251"]
[BlackElo "2318"]
[WhiteTeam "Iraq"]
[BlackTeam "Guatemala"]
[WhiteFideId "4803361"]
[BlackFideId "7300662"]
[EventDate "2016.09.02"]

1. d4 Nf6 2. c4 e6 3. Nc3 Bb4 4. e3 O-O 5. Ne2 d5 6. a3 Be7 7. cxd5 exd5 8. Nf4
Re8 9. Bd3 c5 10. O-O cxd4 11. exd4 Nc6 12. Bc2 Bd6 13. Qd3 g6 14. Bb3 Bf5 15.
Qd1 Ne7 16. h3 Be6 17. Nxe6 fxe6 18. Bg5 Kg7 19. Re1 Neg8 20. Qd3 Rc8 21. Re2 a6
22. Rae1 Qb6 23. Na4 Qc6 24. Rc2 Qb5 25. Qxb5 axb5 26. Nc3 b4 27. Nb5 Rxc2 28.
Bxc2 Bb8 29. axb4 Kf7 30. Nc3 Bd6 31. Ra1 Bxb4 32. Ra7 Re7 33. Nb5 Rd7 34. Bf4
Ne7 35. Ba4 Nc6 36. Ra8 Rd8 37. Rxd8 Nxd8 38. Kf1 Nc6 39. Ke2 Nd7 40. g4 Be7 41.
Bc2 Bf6 42. Be3 e5 43. Bb3 Nxd4+ 44. Nxd4 exd4 45. Bxd5+ Ke7 46. Bc1 b6 47. b4
g5 48. f4 h6 49. Kd3 Kd6 50. Bc4 Nb8 51. Ke4 Nc6 52. Bd2 Ne7 53. f5 Kc6 54. Be6
Kd6 55. Be1 Nc6 56. Bg3+ Ke7 57. b5 Nb4 58. Bc7 d3 59. Bxb6 d2 60. Bc5+ Kd8 61.
Bb3 Na2 62. Ke3 Nc3 63. Bb6+ Ke7 64. Kxd2 Nxb5 65. Bc5+ Nd6 66. Bd5 Be5 67. Kc2
Kd7 68. Kb3 Ke7 69. Kb4 Kd7 70. Ka5 Kc7 71. Ka6 Bf6 72. Bb4 Bd4 73. Bd2 Bg7 74.
Be3 Kd7 75. Kb6 Nc8+ 76. Kc5 Bf8+ 77. Kc4 Nd6+ 78. Kd4 Bg7+ 79. Kc5 Ke7 80. Kc6
Ne8 81. Bc5+ Kd8 82. Bf7 Nf6 83. Bd4 Ke7 84. Bc4 Ne8 85. Bc5+ Kd8 86. Be6 Nf6
87. Bd4 Ke7 88. Bc4 Ne8 89. Bc5+ Kd8 90. Bb5 Nf6 91. Bd6 Ne8 92. Kd5 Nxd6 93.
Kxd6 Bb2 94. Ke6 Bc3 95. Kf7 Bd4 96. Ba4 Bc3 97. Bc6 Bd4 98. Kg6 Ke7 99. Be4 Bc3
100. Kxh6 Kf6 101. h4 gxh4 102. g5+ Ke5 103. Bb7 Kxf5 104. g6 Kf4 105. g7 Bxg7+
106. Kxg7 1/2-1/2

[Event "42nd Olympiad 2016"]
[Site "Baku AZE"]
[Date "2016.09.08"]
[Round "6.49"]
[Board "1"]
[White "Lam, Daniel King-wai"]
[Black "Kulashko, Alexei"]
[Result "0-1"]
[BlackTitle "FM"]
[WhiteElo "2169"]
[BlackElo "2348"]
[WhiteTeam "Hong Kong"]
[BlackTeam "New Zealand"]
[WhiteFideId "6001238"]
[BlackFideId "4300599"]
[EventDate "2016.09.02"]

1. d4 Nf6 2. c4 e6 3. Nc3 Bb4 4. e3 O-O 5. Ne2 b6 6. a3 Be7 7. Nf4 d5 8. Bd3 Bb7
9. O-O Nbd7 10. cxd5 exd5 11. Qf3 c6 12. b4 Re8 13. b5 Nf8 14. bxc6 Bxc6 15. Bb2
Ng6 16. Rfc1 Nxf4 17. Qxf4 Bd6 18. Qf3 Rc8 19. Ba6 Rc7 20. Nb5 Bxb5 21. Bxb5 Re6
22. g3 Ne4 23. Rxc7 Bxc7 24. Qg4 g6 25. Bf1 Rf6 26. f3 h5 27. Qh4 Rxf3 28. Qxd8+
Bxd8 29. Rc1 Bg5 0-1

[Event "42nd Olympiad 2016"]
[Site "Baku AZE"]
[Date "2016.09.08"]
[Round "6.52"]
[Board "2"]
[White "Mehmeti, Dritan"]
[Black "Calicoca, Wilton Inacio"]
[Result "1/2-1/2"]
[WhiteTitle "IM"]
[BlackTitle "CM"]
[WhiteElo "2415"]
[BlackElo "2190"]
[WhiteTeam "Albania"]
[BlackTeam "Mozambique"]
[WhiteFideId "4700600"]
[BlackFideId "14800268"]
[EventDate "2016.09.02"]

1. d4 d5 2. Bg5 Nf6 3. Nd2 c5 4. dxc5 Qa5 5. Nf3 Nc6 6. c3 Qxc5 7. e3 h6 8. Nb3
Qd6 9. Bh4 Ne4 10. Nfd2 Nf6 11. Bg3 e5 12. Nd4 g6 13. h3 Bg7 14. Bb5 O-O 15. O-O
Nxd4 16. cxd4 Qb6 17. Ba4 exd4 18. exd4 Bf5 19. Be5 Qxb2 20. Re1 Ne4 21. Bxg7
Kxg7 22. Nxe4 Bxe4 23. Bb3 Rfd8 24. f3 Bf5 25. g4 Be6 26. Rb1 Qa3 27. f4 Qd6 28.
Qf3 h5 29. gxh5 Rh8 30. Re5 f6 31. Rxe6 Qxe6 32. Bxd5 Qf5 33. Rxb7+ Kh6 34. hxg6
Qxg6+ 35. Qg4 Rad8 36. Be4 Qxg4+ 37. hxg4 Rxd4 38. Re7 Rd1+ 39. Kf2 Rd2+ 40. Kg3
Rxa2 41. Rf7 a5 42. Rxf6+ Kg7 43. g5 Rd8 44. Rg6+ Kf7 45. Rf6+ Kg7 46. Re6 Rd4
47. f5 Re2 48. f6+ Kf8 49. Kf3 Re1 50. g6 Rdxe4 51. Rxe4 Rf1+ 52. Kg4 Rxf6 53.
Kg5 Rf1 54. Rh4 Rg1+ 55. Kh6 Kg8 56. Rf4 Rh1+ 57. Kg5 Kg7 58. Rf7+ Kg8 59. Rf5
Kg7 60. Rxa5 Rg1+ 61. Kh5 Rh1+ 1/2-1/2

[Event "42nd Olympiad 2016"]
[Site "Baku AZE"]
[Date "2016.09.08"]
[Round "6.54"]
[Board "1"]
[White "Gemy, Jose Daniel"]
[Black "Tamra, Attallah"]
[Result "1-0"]
[WhiteTitle "IM"]
[BlackTitle "FM"]
[WhiteElo "2384"]
[BlackElo "2087"]
[WhiteTeam "Bolivia"]
[BlackTeam "Palestine"]
[WhiteFideId "3301478"]
[BlackFideId "11500255"]
[EventDate "2016.09.02"]

1. d4 Nf6 2. c4 e6 3. Nc3 Bb4 4. e3 b6 5. Ne2 Bb7 6. a3 Bxc3+ 7. Nxc3 d5 8. Be2
dxc4 9. O-O Nbd7 10. Bxc4 O-O 11. b4 Qe7 12. Bb2 Rfd8 13. Qb3 Nf8 14. Rfe1 Rac8
15. a4 Nd5 16. Nxd5 Bxd5 17. e4 Bxc4 18. Qxc4 c6 19. f4 Qf6 20. Rf1 c5 21. Rac1
cxd4 22. Qxc8 Rxc8 23. Rxc8 Qe7 24. Rc4 f5 25. Rxd4 fxe4 26. Rxe4 Qd7 27. h3
Qxa4 28. Rc1 Qb3 29. Ba1 Nd7 30. Kh2 Nf6 31. Bxf6 gxf6 32. f5 exf5 33. Re7 Kf8
34. Rxa7 Qe6 35. Rxh7 Kg8 36. Rb7 Kf8 37. Kh1 f4 38. Ra1 Qc8 39. Raa7 Qe8 40.
Rf7+ Kg8 41. Rg7+ Kf8 42. Raf7+ Qxf7 43. Rxf7+ Kxf7 44. Kg1 b5 45. Kf2 Kg6 46.
Kf3 Kg5 47. Ke4 f3 48. Kxf3 1-0

[Event "42nd Olympiad 2016"]
[Site "Baku AZE"]
[Date "2016.09.08"]
[Round "6.55"]
[Board "4"]
[White "Vang, Finnbjorn"]
[Black "Rita, Jose"]
[Result "1/2-1/2"]
[WhiteElo "2067"]
[BlackElo "1625"]
[WhiteTeam "Faroe Isles"]
[BlackTeam "Sao Tome & Principe"]
[WhiteFideId "7200463"]
[BlackFideId "16900057"]
[EventDate "2016.09.02"]

1. e4 c5 2. d4 cxd4 3. c3 dxc3 4. Nxc3 Nc6 5. Nf3 a6 6. a4 d6 7. Bc4 e6 8. O-O
Be7 9. Qe2 Nf6 10. Rd1 Bd7 11. h3 O-O 12. Be3 Qc7 13. Rac1 Rac8 14. Ba2 h6 15.
b4 Qb8 16. b5 axb5 17. axb5 Na5 18. Bd4 e5 19. Be3 b6 20. Nd2 Be6 21. Nd5 Nxd5
22. exd5 Bd7 23. Rc6 Bxc6 24. dxc6 Qc7 25. Bd5 Kh7 26. Qh5 f5 27. f4 g6 28. Qe2
Rb8 29. Qf2 Bf6 30. Rb1 Rfe8 31. Rb4 exf4 32. Bxf4 Qe7 33. Nf3 g5 34. Bd2 f4 35.
Ra4 Qc7 36. Nd4 Bxd4 37. Qxd4 Re5 38. Qd3+ Kg7 39. Bc3 Re8 40. Qf5 Qe7 41. Rxa5
bxa5 42. b6 Rf8 43. Qe6 Qxe6 44. Bxe6 Kf6 45. Bg4 Ke7 46. Bxe5 dxe5 47. c7 Kd6
48. c8=Q Rxc8 49. Bxc8 e4 50. Bf5 e3 51. Be4 a4 52. b7 Kc7 53. Bd5 a3 54. Kf1 h5
55. Ke2 g4 56. h4 g3 57. Kf3 Kb8 58. Ke2 Kc7 1/2-1/2

[Event "42nd Olympiad 2016"]
[Site "Baku AZE"]
[Date "2016.09.08"]
[Round "6.56"]
[Board "2"]
[White "Adebo, Muhaba Detamo"]
[Black "Ali, Muhammad Lutfi"]
[Result "0-1"]
[WhiteTitle "CM"]
[BlackTitle "IM"]
[WhiteElo "1944"]
[BlackElo "2411"]
[WhiteTeam "Ethiopia"]
[BlackTeam "Indonesia"]
[WhiteFideId "15700631"]
[BlackFideId "7103743"]
[EventDate "2016.09.02"]

1. c4 g6 2. g3 Bg7 3. Nc3 e5 4. Bg2 d6 5. Nf3 f5 6. d3 Nf6 7. Bg5 h6 8. Bd2 O-O
9. O-O g5 10. e3 Nc6 11. Qb3 Kh8 12. d4 e4 13. Ne1 Na5 14. Qa4 b6 15. Nb5 Bd7
16. Qc2 a6 17. Na3 c5 18. d5 b5 19. Rc1 Nxc4 20. Nxc4 bxc4 21. Bc3 Qe7 22. Qd2
Qf7 23. Rd1 Ba4 24. Nc2 Rab8 25. f3 exf3 26. Bxf3 Qe7 27. Rde1 Ne4 28. Bxe4 Qxe4
29. Na3 Bb5 30. Rf2 Bxc3 31. Qxc3+ Kh7 32. Qa5 Rf7 33. Nxb5 axb5 34. Qd2 Re8 35.
Qc2 Kg6 36. Qxe4 Rxe4 37. Rd2 Rfe7 38. Kf2 R7e5 39. Kf3 Kf6 40. Ree2 Ke7 41. h3
g4+ 42. hxg4 fxg4+ 43. Kf2 Rf5+ 44. Kg2 Rf3 45. a3 Kf6 46. Rf2 Rxe3 47. Rxf3+
gxf3+ 48. Kh3 Re2 49. Rd1 Kf5 50. Rf1 Ke4 51. Kg4 f2 0-1

[Event "42nd Olympiad 2016"]
[Site "Baku AZE"]
[Date "2016.09.08"]
[Round "6.58"]
[Board "2"]
[White "Cupid, Kevin"]
[Black "Yang, ching Wei, Austin"]
[Result "0-1"]
[WhiteTitle "FM"]
[BlackTitle "FM"]
[WhiteElo "2166"]
[BlackElo "1997"]
[WhiteTeam "Trinidad & Tobago"]
[BlackTeam "Chinese Taipei"]
[WhiteFideId "7700512"]
[BlackFideId "16300440"]
[EventDate "2016.09.02"]

1. d4 Nf6 2. c4 e6 3. Nf3 Bb4+ 4. Nbd2 b6 5. e3 Bb7 6. Bd3 O-O 7. Qc2 d6 8. O-O
Bxd2 9. Bxd2 Nbd7 10. e4 e5 11. c5 dxc5 12. dxe5 Ng4 13. Bf4 Re8 14. e6 Rxe6 15.
Bc4 Bxe4 16. Qb3 Re7 17. Rad1 Ngf6 18. Ne5 Qe8 19. Bb5 a6 20. Bxd7 Nxd7 21. Ng4
h5 22. Ne3 Nf6 23. f3 Bc6 24. Nf5 Re6 25. Qc3 g6 26. Bg5 gxf5 27. Bxf6 Qf8 28.
h4 Qh6 29. Bg5 Qg6 30. Rf2 Rae8 31. Rdd2 Qg7 32. Qd3 Qe5 33. f4 Qe3 34. Qxa6 f6
35. Kh2 fxg5 36. fxg5 Qe4 37. Kg1 Qxh4 38. Rf1 Re1 39. Rf2 Qd4 40. Kh2 Qh4+ 41.
Kg1 Bxg2 42. Kxg2 R1e4 43. Rg1 Rg4+ 44. Kf1 Qh3+ 0-1

[Event "42nd Olympiad 2016"]
[Site "Baku AZE"]
[Date "2016.09.08"]
[Round "6.62"]
[Board "4"]
[White "Smith, Shreyas"]
[Black "Berry, Neil"]
[Result "1/2-1/2"]
[BlackTitle "FM"]
[WhiteElo "2146"]
[BlackElo "2315"]
[WhiteTeam "Jamaica"]
[BlackTeam "Scotland"]
[WhiteFideId "7400713"]
[BlackFideId "2400650"]
[EventDate "2016.09.02"]

1. e4 e6 2. d4 d5 3. Nc3 Nf6 4. Bg5 Bb4 5. e5 h6 6. Bc1 Ne4 7. Qg4 g6 8. Bd3 c5
9. dxc5 Qa5 10. Ne2 Nxc3 11. Bd2 Ne4 12. c3 Bxc5 13. Bxe4 dxe4 14. b4 Qc7 15.
bxc5 Qxe5 16. Be3 Qf5 17. Qg3 e5 18. O-O Nc6 19. f4 exf3 20. Rxf3 Qg4 21. Qf2
Be6 22. Rd1 Qa4 23. Rd6 Rd8 24. Rxd8+ Nxd8 25. Nc1 Qd1+ 26. Qf1 Qxf1+ 27. Rxf1
Nc6 28. h4 f5 29. g3 h5 30. Rd1 Kf7 31. Bg5 Rc8 32. Rd6 e4 33. Ne2 Ne5 34. Nd4
Nf3+ 35. Nxf3 exf3 36. Be3 Rc6 37. Kf2 Rxd6 38. cxd6 Bxa2 39. Bxa7 Ke6 40. Kxf3
Kxd6 41. Bd4 Bc4 1/2-1/2